00904nam0a22002411 4500001001100000005001700011021001900028035002600047100004100073101000800114102000700122105001800129200008400147210006500231215001500296300006400311606009900375606010100474702002700575801001800602801002200620852002000642rc\449001020250612100403.0 aRUb[65-63762] a(NLR Aleph) 008607845 a20130416d1965 |||y0rusy50 ca0 arus aRU ay z |||||1 aКомсомольский прожекторe[Сборник статей aЧелябинск]cЮж.-Урал. кн. изд-воd1965 a79 с.d20 aНа обороте тит. л. сост.: Г. Плехов a"Комсомольский прожектор"yЧелябинская область2psbo a"Комсомольский прожектор"yОренбургская область2psbo 1aПлеховbГ.4220 0aRUbNLRgpsbo 1aRUbELAR2rusmarc aNLRj65-4/13034